000 00535nam a2200193Ia 4500
005 20250508152917.0
008 008 250505s9999 xx 000 0 eng d
037 _aTextual
040 _aFEDL
_beng
_cFEDL
041 _aeng
_2eng
084 _a300, KOM
_qFEDL
100 _aKomarovsky Mirra Ed.
_9345385
245 0 _aCommon frontiers of the social sciences
260 _aGlencoe
_bThe Free Press
_c1957
300 _avii,439p.
650 _aSocial Science
942 _cTEXL
_h300, KOM
999 _c1339563
_d1339563